MARC details
| 000 -CABECERA |
| campo de control de longitud fija |
01413nam a2200265 a 4500 |
| 001 - NÚMERO DE CONTROL |
| campo de control |
000046623 |
| 003 - IDENTIFICADOR DEL NÚMERO DE CONTROL |
| campo de control |
DO-SdBNP |
| 005 - FECHA Y HORA DE LA ÚLTIMA TRANSACCIÓN |
| campo de control |
20250129073606.0 |
| 007 - CAMPO FIJO DE DESCRIPCIÓN FÍSICA--INFORMACIÓN GENERAL |
| campo de control de longitud fija |
ta |
| 008 - DATOS DE LONGITUD FIJA--INFORMACIÓN GENERAL |
| campo de control de longitud fija |
140602s2011 dr a 000 0 spa d |
| 020 ## - NÚMERO INTERNACIONAL ESTÁNDAR DEL LIBRO |
| Número Internacional Estándar del Libro |
9789945405989 |
| 040 ## - FUENTE DE LA CATALOGACIÓN |
| Centro catalogador/agencia de origen |
DO-SdBNP |
| Lengua de catalogación |
spa |
| Centro/agencia transcriptor |
BNPHU |
| 082 #4 - NÚMERO DE LA CLASIFICACIÓN DECIMAL DEWEY |
| Número de edición |
22 |
| 100 1# - ENTRADA PRINCIPAL--NOMBRE DE PERSONA |
| Nombre de persona |
Núñez, Juan Gilberto |
| 9 (RLIN) |
34480 |
| 245 10 - MENCIÓN DE TÍTULO |
| Título |
Duarte en mi corazón de niño / |
| Mención de responsabilidad, etc. |
Juan Gilberto Núñez ; prólogo Juan Daniel Balcácer. |
| 250 ## - MENCIÓN DE EDICIÓN |
| Mención de edición |
2a. ed. |
| 260 ## - PUBLICACIÓN, DISTRIBUCIÓN, ETC. |
| Lugar de publicación, distribución, etc. |
Bogotá : |
| Nombre del editor, distribuidor, etc. |
Comisión Permanente de Efemérides Patrias, |
| Fecha de publicación, distribución, etc. |
2011. |
| 300 ## - DESCRIPCIÓN FÍSICA |
| Extensión |
100 [12] p. : |
| Otras características físicas |
il. ; |
| Dimensiones |
25 cm. |
| 500 ## - NOTA GENERAL |
| Nota general |
Incluye datos biográficos del autor |
| 505 0# - NOTA DE CONTENIDO CON FORMATO |
| Nota de contenido con formato |
Dedicatoria -- Prólogo-- Duarte en mi corazón de niño -- Perfil biográfico de Juan Pablo Duarte -- Naciminto y bautizo -- El niño -- Viaje a Norteamerica y Europa -- Retorno a Santo Domingo -- Inicio de la causa libertadorra -- Músico, poeta y soñador -- Procesión de Nuestra Señora del Carmen -- Fundación de La Trinitaria-- La filantrópica -- La dramática Revolución de la reforma -- Persecución y destierro a Curazao -- Labor independentista en el exilio -- De regreso a la reciente República Dominicana -- Entrada triunfal -- El general Duarte. |
| 590 ## - NOTA LOCAL (RLIN) |
| Nota local |
Inventariado, 2023/BT |
| 700 1# - PUNTO DE ACCESO ADICIONAL--NOMBRE DE PERSONA |
| Nombre de persona |
Balcácer, Juan Daniel, |
| Fechas asociadas al nombre |
1949- |
| Término indicativo de función/relación |
pról. |
| 9 (RLIN) |
6566 |
| 710 2# - PUNTO DE ACCESO ADICIONAL--NOMBRE DE ENTIDAD CORPORATIVA |
| Nombre de entidad corporativa o nombre de jurisdicción como elemento de entrada |
Fundación Luces y Sombras (República Dominicana) |
| 9 (RLIN) |
74620 |
| 942 ## - ELEMENTOS DE PUNTO DE ACCESO ADICIONAL (KOHA) |
| Fuente del sistema de clasificación o colocación |
Dewey Decimal Classification |
| Tipo de ítem Koha |
Libro |